Anime Descriptions Foireuses #3 - Statistiques

Statistiques générales
  • Ce quiz a été pris 629 fois
  • Le résultat moyen est 8 sur 15
Statistiques - réponses
Hint Réponse % Correct
On suit l'histoire d'un lycéen agent double infiltré qui fait la guerre au gouvernement avec un cahier pour purifier le monde Death Note
96%
C'est des gens qui butent des démons pour faire de l'escrime contre Micheal Jackson Kimetsu no Yaiba/Demon Slayer
88%
Un pelo des îles s'allie avec des inconnus et acquiert des pouvoirs pour retrouver son père Hunter x Hunter
81%
C'est un mec qui va dans les jeux-vidéos et n'utilise que des épées, au point d'en utiliser dans un shooter, et il est doué en plus Sword Art Online
79%
Une école prestigieuse combat les méchants avec leurs pouvoirs loufoques, et se battent entre eux Boku no Hero Academia/My Hero Academia
71%
Des mages se battent contre des mages car d'autres mages les attaquent, mais aussi pour le plaisir de se battre entre mages, ah et y a une belle histoire aussi Fairy Tail
68%
Un mec se fait posséder par un alien et s'allie avec lui tout en l'empêchant lui et ses congénères de détruire l'espèce humaine Parasite
57%
Un mec mi-homme mi-monstre aux cheveux poivre puis sel les combat avec leur pouvoirs et boit du café Tokyo Ghoul
56%
Des boxeurs se battent contre d'autres boxeurs en réfléchissant 15 ans toutes les secondes de leurs combats Hajime no Ippo
44%
Transformations aux cheveux arc-en-ciel, ça crie tout le temps et les power levels sont pétés Dragon Ball Super
42%
T'as un mec, il manipule tout le monde en les regardant, et une meuf qui aime les pizzas Code Geass
39%
Un humain-démon tout le temps excité sauve les humains des démons tout en courant vite et bizarrement Devilman Crybaby
16%
Une meuf dépressive avec des mains invisibles essaie de survivre et de pas tuer des gens Elfen Lied
13%
Des gosses décident de shooter une fille ailée tah Red Bull pour battre Dieu Angel Beats
12%
Des lolis, du désespoir, de l'amitié et des combats Puella Magi Madoka Magica
8%
Aucun quiz correspondant
Distribution des résultats
% des personnes avec chaque résultat
Percentile par nombre de réponses
Votre historique - résultats
Vous n’avez pas pris ce quiz